00737nam a2200193 a 450000100100000000500170001000800410002704000250006808200160009310000470010924501030015626000340025930000300029349000200032350000570034370000450040071000780044583000200052300002629420250502073819.0110310s1986 dr c r 000 0 spa d aDO-SdBNPbspacBNPHU axxxxbR696t1 aRodríguez y Rodríguez, Alberto,d1929-10aEn torno a Gastón /cAlberto Rodríguez y Rodríguez; prólogo José Rafael García Pascal. aSanto Domingo :bONAP,c1986. a95 p. :bretrs. ;c21 cm.1 aFeria del libro aIncluye datos biográficos del autor en las solapas1 aGarcía Pascal, José Rafael,epról.1 aRepública Dominicana.bOficina Nacional de Administración y Personal  0aFeria del libro